Catálogo - Centro de Recursos para el Aprendizaje y la Investigación
Volver al Sitio - CRAI Biblioteca| 000 -CABECERA | |
|---|---|
| campo de control de longitud fija | 01478nas a2200265 4500 |
| 001 - NÚMERO DE CONTROL | |
| campo de control | 113762 |
| 003 - IDENTIFICADOR DEL NÚMERO DE CONTROL | |
| campo de control | DR-UNIBE |
| 005 - FECHA Y HORA DE LA ÚLTIMA TRANSACCIÓN | |
| campo de control | 20250620113507.0 |
| 008 - DATOS DE LONGITUD FIJA--INFORMACIÓN GENERAL | |
| campo de control de longitud fija | 250620b1997 it ||||| |||| 00| 0 eng d |
| 040 ## - FUENTE DE LA CATALOGACIÓN | |
| Centro/agencia transcriptor | BIBLIOTECA UNIBE |
| Centro catalogador/agencia de origen | BIBLIOTECA UNIBE |
| 041 ## - CÓDIGO DE LENGUA | |
| Código de lengua del texto/banda sonora o título independiente | eng |
| 082 ## - NÚMERO DE LA CLASIFICACIÓN DECIMAL DEWEY | |
| Número de clasificación | PP 305.352 I58di |
| 245 00 - MENCIÓN DE TÍTULO | |
| Título | Innocenti digest (en inglés) / |
| Mención de responsabilidad, etc. | Fondo de las Naciones Unidas para la Infancia, Centro Internacional para el Desarrollo del Niño |
| 260 ## - PUBLICACIÓN, DISTRIBUCIÓN, ETC. | |
| Lugar de publicación, distribución, etc. | Florencia, Italia : |
| Nombre del editor, distribuidor, etc. | Fondo de las Naciones Unidas para la Infancia (UNICEF). Centro de Investigaciones Innocenti, |
| Fecha de publicación, distribución, etc. | 1997 |
| 300 ## - DESCRIPCIÓN FÍSICA | |
| Extensión | volúmenes : |
| Otras características físicas | ilustraciones ; |
| Dimensiones | 29 cm |
| 310 ## - PERIODICIDAD ACTUAL | |
| Periodicidad actual | Tres veces al año |
| 362 ## - FECHAS DE PUBLICACIÓN Y/O DESIGNACIÓN SECUENCIAL | |
| Fecha de publicación y/o designación secuencial | Número 7 (marzo 2001) |
| 520 3# - SUMARIO, ETC. | |
| Sumario, etc. | El Innocenti Digest es una publicación del Centro Internacional para el Desarrollo del Niño de UNICEF que trata de suministrar inforamación fiable y de fácil manejo sobre asuntos de interés relativos a los derechos del niño. Su objetivo es servir de instrumento de trabajo a<br/>quienes participan en la toma de decisiones a nivel ejecutivo, dirigen programas o de cualquier otra forma desarrollan su labor en ámbitos relacionados con la infancia. |
| 650 #7 - PUNTO DE ACCESO ADICIONAL DE MATERIA--TÉRMINO DE MATERIA | |
| Término de materia o nombre geográfico como elemento de entrada | Derechos del niño |
| 9 (RLIN) | 158531 |
| Fuente del encabezamiento o término | lemb |
| 650 #7 - PUNTO DE ACCESO ADICIONAL DE MATERIA--TÉRMINO DE MATERIA | |
| Término de materia o nombre geográfico como elemento de entrada | Bienestar infantil |
| Fuente del encabezamiento o término | lemb |
| 9 (RLIN) | 5750 |
| 650 #7 - PUNTO DE ACCESO ADICIONAL DE MATERIA--TÉRMINO DE MATERIA | |
| Término de materia o nombre geográfico como elemento de entrada | Instituciones de cuidados infantiles |
| Fuente del encabezamiento o término | lemb |
| 655 #7 - TÉRMINO DE INDIZACIÓN--GÉNERO/FORMA | |
| Fuente del término | lemb |
| Datos o término principal de género/forma | Publicaciones periódicas |
| 710 2# - PUNTO DE ACCESO ADICIONAL--NOMBRE DE ENTIDAD CORPORATIVA | |
| Nombre de entidad corporativa o nombre de jurisdicción como elemento de entrada | UNICEF. |
| Unidad subordinada | Centro Internacional para el Desarrollo del Niño |
| Término indicativo de función/relación | autor |
| 9 (RLIN) | 196473 |
| 942 ## - ELEMENTOS DE PUNTO DE ACCESO ADICIONAL (KOHA) | |
| Fuente del sistema de clasificación o colocación | Sistema de Clasificación Decimal Dewey |
| Tipo de ítem Koha | Revista |
| Estado de retiro | Estado de pérdida | Fuente del sistema de clasificación o colocación | Estado dañado | No para préstamo | Localización permanente | Ubicación/localización actual | Fecha de adquisición | Enumeración/cronología de publicación seriada | Total de préstamos | Signatura topográfica completa | Código de barras | Fecha visto por última vez | Número de copia | Precio válido a partir de | Tipo de ítem Koha |
|---|---|---|---|---|---|---|---|---|---|---|---|---|---|---|---|
| Disponible | Sistema de Clasificación Decimal Dewey | Biblioteca Central UNIBE | Biblioteca Central UNIBE | 20/06/2025 | Número 7 (marzo 2001) | PP 305.352 I58di | R250189 | 20/06/2025 | Ej. 1 | 20/06/2025 | Revista |